| 000 | 02357nam a22002657 4500 | ||
|---|---|---|---|
| 999 |
_c1195 _d1195 |
||
| 003 | AR-BaISA | ||
| 005 | 20221123120233.0 | ||
| 007 | ta | ||
| 008 | 221123s ag |||| |||| 000 0 spa d | ||
| 020 | _a9789502324739 | ||
| 040 |
_bspa _cAR-BaISA |
||
| 082 | 0 | 4 |
_222 _a155.4 T546 |
| 100 | 1 |
_92674 _aTkach, Carlos Eduardo |
|
| 245 | 1 | 0 |
_aSíntomas en los niños: _bneurosis infantil y neurosis de angustia / _cCarlos Eduardo Tkach |
| 260 |
_aBuenos Aires: _bEudeba, _c2016 |
||
| 300 | _a542 p. | ||
| 490 | 1 | _aPsicología | |
| 504 | _aBibliografía p.: 517-542. | ||
| 505 |
_tACTUALIZACIÓN SOBRE LAS NEUROSIS ACTUALES (I). LA NEUROSIS DE ANGUSTIA EN LA OBRA DE FREUD: _tLa neurosis de angustia -- _tNeurosis de angustia y síntomas de angustia en la infancia -- _tNeurosis de la infacnai, trauma y neurosis de angustia _tACTUALIZACIÓN SOBRE LAS NEUROSIS ACTUALES (II). LAS NEUROSIS ACTUALES A PARTIR DE FREUD: _tEstatuto de las neurosis actuales -- _tLa angustia como síntoma en la neurosis de angustia -- _tLa neurosis de angustia como núcleo de las psiconeurosis -- _tLa neurosis de angustia en los niños _tEL PROBLEMA DE LA ANGUSTIA A PARTIR DE FREUD Y LA NEUROSIS DE ANGUSTIA: _tEl problema de la angustia a partir de Freud _tLA NEUROSIS INFANTIL A PARTIR DE FREUD Y LA NEUROSIS DE ANGUSTIA COMO PRECONDICIÓN PARA SU ESTRUCTURACIÓN: _tLos síntomas de angustia en la infancia y su vinculación con la neurosis de angustia a partir de Freud -- _tLa neurosis infantil desde la perspectiva genética y la neurosis de angustia -- _tSíntomas de angustia y neurosis infantil desde la lucha entre las pulsiones de vida y la pulsión de muerte y la neurosis de angustia -- _tLa neurosis infantil a partir de la función materna y el factor ambiental y la neurosis de angustia -- _tLa neurosis infantil desde la psicopatología infantil a partir del funcionamiento psíquico y la neurosis de angustia -- _tLa neurosis infantil a partir el deseo del Otro y la estructura parental y la neurosis de angustia -- _tTrastorno y síntoma partir de los tiempos de constitución del psíquismo desde una perspectiva histórico-estructural y la neurosis de angustia -- _tCasos clínicos |
||
| 650 | 1 | 0 |
_9141 _aPsicoanálisis |
| 650 | 1 | 0 |
_91932 _aPsicología infantil |
| 650 | 1 | 0 |
_92289 _aTrastornos neuróticos |
| 830 |
_92675 _aPsicología (Eudeba) |
||
| 942 |
_2ddc _cLI _e22 |
||